000 00738cam a22002651 4500
999 _c8174
_d8174
003 BD-JhCC
005 20190509100411.0
008 790510s1964 ii b 000 0 eng
035 _a(BD-JhCC)
035 _a(OCoLC)4947788
040 _aDLC
_cTxCM
_dOCoLC
_dDLC
_dBD-JhCC
041 _aeng
050 0 0 _aBJ122
_b.S47
082 _bSHA 1964
_a181.4
100 1 _aSharma, I. C.
_q(Ishwar Chandra),
_d1921-
245 1 0 _aEthical philosophies of India
_c[by] I. C. Sharma.
250 _aIndian ed.
260 _aJullundur City,
_bS. Nagin
_c[1964]
300 _av, iii, ii, 275, iv p.
_c23 cm.
504 _aBibliographical footnotes.
650 0 _aEthics
_zIndia.
650 0 _aHindu philosophy
942 _2ddc
_cBK